Board Games by their Game Pieces Quiz Stats

 Plays Quiz not verified by Sporcle

Score 0/15 Timer 02:00
0 Plays Today
% Correct
Monopoly
96.9%
Chess
95.4%
Checkers
94.6%
Scrabble
92.3%
Battleship
91.9%
Clue
91.5%
Life
88.8%
Jenga
88.5%
% Correct
Twister
87.7%
Sorry
85.4%
Candyland
81.5%
Risk
75.4%
Trouble
68.8%
Othello
66.2%
Uno
63.8%

You're not logged in!

Compare scores with friends on all Sporcle quizzes.
OR
Log In

Show Comments

Extras

Created Oct 26, 2010ReportNominate
Tags:Board Games Quiz, piece

Top Quizzes Today


Score Distribution

Your Account Isn't Verified!

In order to create a playlist on Sporcle, you need to verify the email address you used during registration. Go to your Sporcle Settings to finish the process.

Report this User

Report this user for behavior that violates our Community Guidelines.

Details: